00795nab a2200205 uc450000100070000000500170000700800410002403500110006503500210007604000130009704100080011010000440011824501570016265000140031965000340033365000190036765000260038665000250041277301520043780424120240201184832.0030404e20021101 spa  a804241 a(OCoLC)820018115 ccomduadb aspa10aZenner de Polanía, Ingeborg4auteaut10aEvaluacion preliminar de dano y metodos de captura de un caracol manzana, Pomacea cerca a canaliculata, plaga de arroz en el Zulia (Santander del Norte) aCaracoles aArroz - Enfermedades y plagas aCaptura animal aTrampas para animales aPomacea canaliculata0 tRevista U.D.C.A. : Actualidad y Divulgación Científica (Bogotá)gVolumen 05, Número 01, Noviembre 2002, p. 42-51w800922x0123-42260275134